<?xml version="1.0" encoding="UTF-8"?><?xml-stylesheet type="text/xsl" href="static/style.xsl"?><OAI-PMH xmlns="http://www.openarchives.org/OAI/2.0/" xmlns:xsi="http://www.w3.org/2001/XMLSchema-instance" xsi:schemaLocation="http://www.openarchives.org/OAI/2.0/ http://www.openarchives.org/OAI/2.0/OAI-PMH.xsd"><responseDate>2026-06-05T08:50:14Z</responseDate><request verb="GetRecord" identifier="oai:riubu.ubu.es:10259/7087" metadataPrefix="marc">https://riubu.ubu.es/oai/request</request><GetRecord><record><header><identifier>oai:riubu.ubu.es:10259/7087</identifier><datestamp>2024-02-20T11:58:26Z</datestamp><setSpec>com_10259_6394</setSpec><setSpec>com_10259_5086</setSpec><setSpec>com_10259_2604</setSpec><setSpec>col_10259_7090</setSpec></header><metadata><record xmlns="http://www.loc.gov/MARC21/slim" xmlns:doc="http://www.lyncode.com/xoai" xmlns:xsi="http://www.w3.org/2001/XMLSchema-instance" xmlns:dcterms="http://purl.org/dc/terms/" xsi:schemaLocation="http://www.loc.gov/MARC21/slim http://www.loc.gov/standards/marcxml/schema/MARC21slim.xsd">
<leader>00925njm 22002777a 4500</leader>
<datafield tag="042" ind1=" " ind2=" ">
<subfield code="a">dc</subfield>
</datafield>
<datafield tag="720" ind1=" " ind2=" ">
<subfield code="a">Andrés López, Gonzalo</subfield>
<subfield code="e">author</subfield>
</datafield>
<datafield tag="260" ind1=" " ind2=" ">
<subfield code="c">2022</subfield>
</datafield>
<datafield tag="520" ind1=" " ind2=" ">
<subfield code="a">En las últimas cuatro décadas la ciudad de Burgos ha sufrido cambios notables en su estructura urbana, registrando un moderado proceso de crecimiento demográfico y un notable incremento de su parque inmobiliario, lo que se ha traducido en una fuerte expansión de la urbanización. Seis de cada diez hectáreas urbanizadas se corresponden con esta transformación reciente, lo que implica un modelo de crecimiento que ha generado un área urbana fragmentada y discontinua a su alrededor. Desde 2009, esta expansión se ha ralentizado e incluso ha llegado a paralizarse, si bien el planeamiento urbanístico mantiene unas previsiones de crecimiento para el futuro con más sectores urbanizables con capacidad para albergar miles de nuevas viviendas. En la escala de las ciudades medias, esta área urbana ejemplifica el desajuste entre urbanismo y urbanización, evidenciando un conflicto en el modelo de ciudad. Desde esta perspectiva, el presente trabajo estudia el proceso de transformación reciente del área urbana articulada por la ciudad de Burgos, analizando su correlación con las previsiones del planeamiento urbano y su desajuste con la gestión de los proyectos urbanos estratégicos.</subfield>
</datafield>
<datafield tag="520" ind1=" " ind2=" ">
<subfield code="a">In the last four decades, the city of Burgos has undergone notable changes in its urban structure, showing a moderate process of demographic growth and a notable increase in its real estate stock, which has resulted in a strong expansion of urbanization. Six out of every ten urbanized hectares correspond to this recent transformation, which implies a growth model that has generated a fragmented and discontinuous urban area around it. Since 2009, this expansion has slowed down and even came to a standstill, although urban planning maintains growth forecasts for the future with more urbanizable sectors with the capacity to house thousands of new homes. On the scale of medium cities, this urban area exemplifies the mismatch between urbanism and urbanization, evidencing a conflict in the city model. From this perspective, this paper studies the recent transformation process of the urban area articulated by the city of Burgos, analyzing its correlation with the forecasts of urban planning and its mismatch with the management of strategic urban projects.</subfield>
</datafield>
<datafield tag="024" ind2=" " ind1="8">
<subfield code="a">9788491443711</subfield>
</datafield>
<datafield tag="024" ind2=" " ind1="8">
<subfield code="a">9788490445280</subfield>
</datafield>
<datafield tag="024" ind2=" " ind1="8">
<subfield code="a">9788412496222</subfield>
</datafield>
<datafield tag="024" ind2=" " ind1="8">
<subfield code="a">http://hdl.handle.net/10259/7087</subfield>
</datafield>
<datafield tag="024" ind2=" " ind1="8">
<subfield code="a">10.21001/cme_03</subfield>
</datafield>
<datafield ind1=" " ind2=" " tag="653">
<subfield code="a">Ciudades medias</subfield>
</datafield>
<datafield ind1=" " ind2=" " tag="653">
<subfield code="a">Urbanismo</subfield>
</datafield>
<datafield ind1=" " ind2=" " tag="653">
<subfield code="a">Urbanización</subfield>
</datafield>
<datafield ind1=" " ind2=" " tag="653">
<subfield code="a">Crecimiento urbano</subfield>
</datafield>
<datafield ind1=" " ind2=" " tag="653">
<subfield code="a">Burgos</subfield>
</datafield>
<datafield ind1=" " ind2=" " tag="653">
<subfield code="a">Medium-sized cities</subfield>
</datafield>
<datafield ind1=" " ind2=" " tag="653">
<subfield code="a">Urbanism</subfield>
</datafield>
<datafield ind1=" " ind2=" " tag="653">
<subfield code="a">Urbanization</subfield>
</datafield>
<datafield ind1=" " ind2=" " tag="653">
<subfield code="a">Urban growth</subfield>
</datafield>
<datafield tag="245" ind1="0" ind2="0">
<subfield code="a">Urbanismo, urbanización y proyectos urbanos en ciudades medias: las transformaciones recientes en la ciudad de Burgos</subfield>
</datafield>
</record></metadata></record></GetRecord></OAI-PMH>